[Event "Hanoi HD Bank op-B 8th"]
[Site "Hanoi"]
[Date "2018.03.10"]
[Round "2"]
[White "Doan, Thi Van Anh"]
[Black "Le, Hoa Binh"]
[Result "1-0"]
[WhiteElo "2038"]
[BlackElo "1017"]
[PlyCount "85"]
[EventDate "2018.03.10"]
[EventType "swiss"]
[EventRounds "9"]
[EventCountry "VIE"]
[SourceTitle "CBM 183 Extra"]
[Source "ChessBase"]
[SourceDate "2018.04.19"]
[SourceVersion "1"]
[SourceVersionDate "2018.04.19"]
[SourceQuality "1"]

1. d4 d5 2. Nf3 Nf6 3. c4 e6 4. Nc3 c6 5. Bg5 Be7 6. e3 Nbd7 7. Qc2 dxc4 8. Bxc4 b5 9. Bd3 Bb7 10. 0-0 Rc8 11. Rfd1 h6 12. Bh4 0-0 13. Ne5 Nd5 14. Nxd7 Qxd7 15. Bxe7 Qxe7 16. Ne4 Nb4 17. Qc5 Qxc5 18. dxc5 a5 19. a3 Nd5 20. Nd6 Rc7 21. Be4 Ba6 22. b4 a4 23. Rd3 Rd8 24. Rad1 Bc8 25. f4 Kf8 26. g3 Ke7 27. Bxd5 exd5 28. e4 Rxd6 29. cxd6+ Kxd6 30. Rc1 g6 31. exd5 Bf5 32. Rd2 Re7 33. Rxc6+ Kd7 34. Rc5 Re1+ 35. Kf2 Rh1 36. Rxb5 Rxh2+ 37. Ke3 Rh1 38. d6 Ra1 39. Rb7+ Kd8 40. d7 Rxa3+ 41. Kf2 Bd3 42. Ra7 Rc3 43. Ra8+ 1-0

[Event "Hanoi HD Bank op-B 8th"]
[Site "Hanoi"]
[Date "2018.03.10"]
[Round "1"]
[White "Le, Hoa Binh"]
[Black "Nguyen, Truong Bao Tran"]
[Result "0-1"]
[WhiteElo "1017"]
[BlackElo "1871"]
[PlyCount "78"]
[EventDate "2018.03.10"]
[EventType "swiss"]
[EventRounds "9"]
[EventCountry "VIE"]
[SourceTitle "CBM 183 Extra"]
[Source "ChessBase"]
[SourceDate "2018.04.19"]
[SourceVersion "1"]
[SourceVersionDate "2018.04.19"]
[SourceQuality "1"]

1. d4 Nf6 2. c4 g6 3. Nc3 d6 4. Nf3 Bg7 5. e3 0-0 6. Be2 Nc6 7. 0-0 e5 8. d5 Ne7 9. e4 Bd7 10. a4 Nh5 11. Re1 Nf4 12. Bf1 f5 13. Bxf4 exf4 14. e5 dxe5 15. Nxe5 Kh8 16. Qd2 g5 17. Nxd7 Qxd7 18. Rad1 Rad8 19. f3 Ng6 20. Nb5 c6 21. Nd4 cxd5 22. Ne6 d4 23. Nxd8 Rxd8 24. b3 b6 25. Bd3 Ne5 26. Re2 Rf8 27. Rde1 Qd6 28. Rd1 g4 29. Rf1 Qc6 30. Rfe1 Qd6 31. Rf1 Qc6 32. Rfe1 Qc7 33. Rf1 Qd6 34. Qxf4 gxf3 35. gxf3 Qf6 36. Qd2 Bh6 37. Qc2 Bf4 38. Kh1 a5 39. Rg2 Ng6 0-1